| 000 | 00516nam a2200193Ia 4500 | ||
|---|---|---|---|
| 999 |
_c85782 _d85782 |
||
| 003 | ARRUPE | ||
| 005 | 20180308142411.0 | ||
| 008 | 130307s9999 xx 000 0 und d | ||
| 040 | _cARRUPELIB | ||
| 050 | _aSPC DT962.2.H43F135 1935 | ||
| 100 |
_aHemans, Herbert Nassau _99517 |
||
| 245 | 4 | _aThe log of a native commissioner / | |
| 260 |
_aBulawayo _bBooks of Rhodesia _c1935 |
||
| 300 | _a224p | ||
| 440 |
_aRhodesiana reprint library: Gold series n.15 _99518 |
||
| 650 |
_aRhodesia, Southern _xDescription & travel _930404 |
||
| 650 |
_aRhodesia, Southern _xNative races _926449 |
||
| 650 |
_aHunting _zRhodesia, Southern _940374 |
||
| 942 |
_2lcc _cMONOGRAPH |
||